| 000 | 00909nac a22002291u 4500 | ||
|---|---|---|---|
| 082 |
_a616.157 _bEv19 |
||
| 090 |
_c3457 _d3457 |
||
| 100 | _aEvatt, Bruce L. | ||
| 245 |
_aFundamental Diagnostic Laboratory Hematology: _bThe Bleeding Disorders / _cBruce L.Evatt...[et.al] |
||
| 260 |
_aAtlanta, Goergia:C.[19--] _bU.S Department Of Health and Human Services, _cC.[19--] |
||
| 300 |
_a88P.: _bill; _c21cm. |
||
| 500 | _aDonations. | ||
| 500 | _aDonations - Bibliotheca Alexandrina. | ||
| 504 | _aIncludes Index. | ||
| 650 | _aBlood -- Coagulation, Disorders of -- Cases, clinical reports, statistics. | ||
| 700 | _aVeltkamp, Jan J. | ||
| 700 | _aLewis, S.Mitchell. | ||
| 700 | _aLothe, Francis. | ||
| 700 | _aMcArthur, James. | ||
| 942 |
_cBB _k616.157Ev19 |
||
| 999 |
_c3457 _d3457 |
||